LEADER 02337nam 2200613Ia 450 001 9910446325803321 005 20200520144314.0 010 $a1-282-07044-4 010 $a9786612070440 010 $a1-84593-430-X 035 $a(CKB)1000000000716095 035 $a(EBL)420662 035 $a(SSID)ssj0000148367 035 $a(PQKBManifestationID)11144930 035 $a(PQKBTitleCode)TC0000148367 035 $a(PQKBWorkID)10225049 035 $a(PQKB)11747372 035 $a(MiAaPQ)EBC420662 035 $a(Au-PeEL)EBL420662 035 $a(CaPaEBR)ebr10281501 035 $a(CaONFJC)MIL207044 035 $a(OCoLC)319637799 035 $a(EXLCZ)991000000000716095 100 $a20080630d2009 uy 0 101 0 $aeng 135 $aur|n|---||||| 181 $ctxt 182 $cc 183 $acr 200 00$aEnvironmental impact of genetically modified crops /$fedited by Natalie Ferry and Angharad M.R. Gatehouse 205 $a1st ed. 210 $aCambridge, MA $cCABI$dc2009 215 $a1 online resource (440 p.) 300 $aDescription based upon print version of record. 311 $a1-84593-409-1 320 $aIncludes bibliographical references and index. 327 $aContents; Contributors; Preface; I: Genetically Modified Crops: Three Chapters, Three Views; II: Agricultural Biotechnology: Risks, Benefits and Potential Ecological Impact; III: Global Perspectives; IV: The Future of Agriculture; Index 330 $aThe genetic modification of crops is a subject of intense debate, and opinions are often strongly polarised. This book addresses the major concerns of scientists, policy makers, environmental lobby groups and the general public regarding this controversial issue. 606 $aTransgenic plants$xEnvironmental aspects 606 $aFood$xSafety measures 606 $aAgricultural biotechnology 615 0$aTransgenic plants$xEnvironmental aspects. 615 0$aFood$xSafety measures. 615 0$aAgricultural biotechnology. 676 $a577.5/5 701 $aFerry$b Natalie$0982498 701 $aGatehouse$b A. M. R$0982499 801 0$bMiAaPQ 801 1$bMiAaPQ 801 2$bMiAaPQ 906 $aBOOK 912 $a9910446325803321 996 $aEnvironmental impact of genetically modified crops$92242365 997 $aUNINA LEADER 03155nam 2200673Ia 450 001 9910974006203321 005 20251116143001.0 010 $a1-134-98689-0 010 $a1-134-98690-4 010 $a1-280-32539-9 010 $a0-203-20029-2 035 $a(CKB)111056485508748 035 $a(EBL)169478 035 $a(OCoLC)437078345 035 $a(SSID)ssj0000243592 035 $a(PQKBManifestationID)11211006 035 $a(PQKBTitleCode)TC0000243592 035 $a(PQKBWorkID)10163599 035 $a(PQKB)10474417 035 $a(MiAaPQ)EBC169478 035 $a(Au-PeEL)EBL169478 035 $a(CaPaEBR)ebr10060853 035 $a(CaONFJC)MIL32539 035 $a(OCoLC)1082169767 035 $a(OCoLC-P)1082169767 035 $a(FlBoTFG)9780203200292 035 $a(EXLCZ)99111056485508748 100 $a19870921d1988 uy 0 101 0 $aeng 135 $aur||||||||||| 181 $ctxt 182 $cc 183 $acr 200 10$aSelected poetry and prose /$fAlexander Pope ; edited by Robin Sowerby 205 $aFirst edition. 210 $aLondon ;$aNew York $cRoutledge$d1988 215 $a1 online resource (315 p.) 225 1 $aRoutledge English texts 300 $aDescription based upon print version of record. 311 08$a1-138-17681-8 311 08$a0-415-00665-1 320 $aIncludes bibliography: p. 249-251. 327 $aBook Cover; Title; Contents; Introduction; Ode on Solitude; Adriani morientis ad Animam; To Henry Cromwell, 19 October 1709 [with Argus]; To Henry Cromwell, 25 November 1710 [on versification]; An Essay on Criticism; Epistle to Miss Blount with the Works of Voiture; from Windsor Forest; [On sickness] (essay from The Guardian); The Rape of the Lock; Epistle to Miss Blount, on her leaving the Town, after the Coronation; Eloisa to Abelard; Elegy to the Memory of an Unfortunate Lady; from the Preface to the Works of Shakespeare; To Mrs M.B. on her Birthday 327 $aEpitaph. On Mrs Corbett, Who died of a Cancer in her BreastEpitaph. On Mr Gay. In Westminster Abbey, 1732; Epistle to a lady. Of the Characters of Women; Epistle to Burlington; To Dr Arbuthnot, 26 July 1734 [On his satire]; An Epistle to Dr Arbuthnot; The First Satire of the Second Book of Horace Imitated: To Mr Fortescue; The First Epistle of the First Book of Horace Imitated: To L.Bolingbroke; The First Ode of the Fourth Book of Horace: To Venus; Critical commentary; Select bibliography; Notes 330 3 $aAlexander Pope's technical polish and intellectual poise appeal to the subtlest audience. This selection includes The Rape of the Lock, Eloisa to Abelard, and extracts from The Dunciad and the translation of Homer. 410 0$aRoutledge English texts. 606 $aEnglish literature$y18th century 615 0$aEnglish literature 676 $a821/.5 676 $a828.509 700 $aPope$b Alexander$f1688-1744.$0167714 701 $aSowerby$b Robin$0626962 801 0$bMiAaPQ 801 1$bMiAaPQ 801 2$bMiAaPQ 906 $aBOOK 912 $a9910974006203321 996 $aSelected poetry and prose$94489047 997 $aUNINA